Introduction To Statistical Quality Control (Record no. 3158)
[ view plain ]
| 005 - DATE AND TIME OF LATEST TRANSACTION | |
|---|---|
| control field | 20250604164011.0 |
| 020 ## - INTERNATIONAL STANDARD BOOK NUMBER | |
| International Standard Book Number | 0-471-65631-3 |
| 082 ## - DEWEY DECIMAL CLASSIFICATION NUMBER | |
| Classification number | TEA LECT 620.004 MON |
| 100 ## - MAIN ENTRY--PERSONAL NAME | |
| Author name | MONTGOMERY, D. C. |
| 245 ## - TITLE STATEMENT | |
| Title | Introduction To Statistical Quality Control |
| 250 ## - EDITION STATEMENT | |
| Edition statement | 5th Ed. |
| 260 ## - PUBLICATION, DISTRIBUTION, ETC. | |
| Place of publication, distribution, etc. | New York, |
| Name of publisher, distributor, etc. | John Wiley & Sons Inc, |
| Date of publication, distribution, etc. | 2005. |
| 300 ## - PHYSICAL DESCRIPTION | |
| Extent | xvi, 759p.: ill.; figure, graph, table. |
| Other physical details | Bibliography, index. |
| Dimensions | 27cm. |
| 856 ## - ELECTRONIC LOCATION AND ACCESS | |
| Link text | Access online book |
| Electronic name | Introduction to Statistical Control |
| Path | www.wiley.com/college/montgomery |
| 942 ## - ADDED ENTRY ELEMENTS (KOHA) | |
| Source of classification or shelving scheme | Dewey Decimal Classification |
| Koha item type | Books |
| Date last seen | Total checkouts | Full call number | Barcode | Cost, replacement price | Price effective from | Koha item type | Lost status | Source of classification or shelving scheme | Damaged status | Not for loan | Withdrawn status | Home library | Current library | Shelving location | Date acquired | Cost, normal purchase price |
|---|---|---|---|---|---|---|---|---|---|---|---|---|---|---|---|---|
| 06/04/2025 | TEA LECT 620.004 MON | 00000011076 | 367983.00 | 06/04/2025 | Books | Dewey Decimal Classification | College of Business Education Main Library | College of Business Education Main Library | General Collection | 04/22/2005 | 122661.00 | |||||
| 06/04/2025 | TEA LECT 620.004 MON | 00000011077 | 367983.00 | 06/04/2025 | Books | Dewey Decimal Classification | College of Business Education Main Library | College of Business Education Main Library | General Collection | 04/22/2005 | 122661.00 | |||||
| 06/04/2025 | TEA LECT 620.004 MON | 00000011078 | 367983.00 | 06/04/2025 | Books | Dewey Decimal Classification | College of Business Education Main Library | College of Business Education Main Library | General Collection | 04/22/2005 | 122661.00 | |||||
| 06/04/2025 | TEA LECT 620.004 MON | 00000011079 | 367983.00 | 06/04/2025 | Books | Dewey Decimal Classification | College of Business Education Main Library | College of Business Education Main Library | General Collection | 04/22/2005 | 122661.00 |
